Central Library OPAC University of Rajshahi

Administrative reforms : (Record no. 53345)

MARC details
000 -LEADER
fixed length control field 00858nam a2200253 a 4500
001 - CONTROL NUMBER
control field 53345
003 - CONTROL NUMBER IDENTIFIER
rucl marc code BD-RjUL
005 - DATE AND TIME OF LATEST TRANSACTION
control field 20211209075939.0
008 - FIXED-LENGTH DATA ELEMENTS--GENERAL INFORMATION
fixed length control field 161005s2005 ii a b 001 0 eng
020 ## - INTERNATIONAL STANDARD BOOK NUMBER
International Standard Book Number 0761933921 (hard back)
International Standard Book Number 076193443X (pbk.)
035 ## - SYSTEM CONTROL NUMBER
System control number (BD-RjUL)53465
040 ## - CATALOGING SOURCE
Original cataloging agency DLC
Transcribing agency DLC
Modifying agency BD-RjUL
Language of cataloging eng
041 ## - LANGUAGE CODE
Language code of text/sound track or separate title eng
082 00 - DEWEY DECIMAL CLASSIFICATION NUMBER
Classification number 352.280954
Edition number 23
Author mark and year ADM 2005
245 00 - TITLE STATEMENT
Title Administrative reforms :
Remainder of title towards sustainable practices /
Statement of responsibility, etc. edited by Amita Singh.
260 ## - PUBLICATION, DISTRIBUTION, ETC. (IMPRINT)
Place of publication, distribution, etc. New Delhi :
Name of publisher, distributor, etc. Sage Publications,
Date of publication, distribution, etc. 2005.
300 ## - PHYSICAL DESCRIPTION
Pagination 319 p. :
Illustrations ill. ;
Size 23cm.
504 ## - BIBLIOGRAPHY, ETC. NOTE
Bibliography, etc Includes bibliographical references and index.
650 #0 - SUBJECT ADDED ENTRY--TOPICAL TERM
Topical term or geographic name as entry element Administrative agencies
Geographic subdivision India
General subdivision Reorganization
Form subdivision Case studies.
9 (RLIN) 159452
Topical term or geographic name as entry element Organizational change
Geographic subdivision India
Form subdivision Case studies.
9 (RLIN) 159453
700 1# - ADDED ENTRY--PERSONAL NAME
Personal name Singh, Amita,
Dates associated with a name 1955-
942 ## - ADDED ENTRY ELEMENTS (KOHA)
Source of classification or shelving scheme Dewey Decimal Classification
Koha item type Books
Holdings
Lost status Source of classification or shelving scheme Damaged status Not for loan Collection code Permanent Location Current Location Shelving location Date acquired Source of acquisition Cost, normal purchase price Total Checkouts Full call number Date last seen Copy number Koha item type
  Dewey Decimal Classification     Non-fiction Central Library, University of Rajshahi Central Library, University of Rajshahi   08/08/2007 Dhaka,Paragon Enterprise Lit., 380.00   352.280954 ADM 2005 05/10/2016 C-2 Books
  Dewey Decimal Classification     Non-fiction Central Library, University of Rajshahi Central Library, University of Rajshahi   08/08/2007 Paragon enterprises ltd. Dhaka 380.00   352.280954 ADM 2005 27/12/2016 C-3 Books